BÓNIS GYÖRGY: LES S□RETÉS PERSONELLES EN HONGRIE DU XIII AU XVIIIe SIÈCLE: In: S□retés Personelles

Bibliographic Details
Main Author: Karpat, Jozef, 1914-1989 (Author)
Format: Article
Language:Slovak

MARC

LEADER 00000nab a2200000uu 4500
001 vtls010877482
003 SK-MaSNL
005 20260303145129.0
008 230222|1977 xo |||||||||||||||||slo|
015 |a SNBRB 
035 |a (urnnbn)urn:nbn:sk:snk:ar-005rrf 
035 |a (uuid)3f0c241e-e424-4359-81df-279ec6cfe654 
035 |a urn:nbn:sk:snk-ab7lw1 
040 |a SNKBUCL  |b slo  |c SNKBUCL  |e AACR2 
041 0 |a slo 
044 |a xo  |c SK 
100 1 |a Karpat, Jozef,  |d 1914-1989  |4 aut  |9 169220 
245 1 0 |a BÓNIS GYÖRGY: LES S□RETÉS PERSONELLES EN HONGRIE DU XIII AU XVIIIe SIÈCLE: In: S□retés Personelles  |c Jozef Karpat 
773 0 |t Slovenská archivistika  |g Roč. 12, č. 2 (1977), s. 127-130 
954 |a odborná, vedecká literatúra pôvodná (slovenská)  |2 lita 
958 |a OND 
958 |a EUIPO 
958 |a article8 
999 |c 2000720  |d 2002650